000 00596nam a2200229Ia 4500
003 OSt
005 20220926002945.0
006 a|||||r|||| 00| 0
007 ta
008 220923b |||||||| |||| 00| 0 eng d
037 _cGeneral Book
040 _aRTL
_cRTL
_beng
041 _2eng
_aeng
082 _aY:44.2.N7, L0
100 _aRao P V R
245 0 _aRed tape and white cap
260 _a New Delhi
_bOrient Longmans
_c1970
300 _aix, 344p
_ccm.
650 _aSocial Evil
942 _hY:44.2.N7, L0
_cGB
_2CC
999 _c606582
_d606582